G36-宁洛高速公路途径行政区 - Statistics

General Stats
  • This quiz has been taken 16 times
  • The average score is 7 of 9
Answer Stats
Answer % Correct
南京
100%
滁州
93%
蚌埠
93%
洛阳
93%
阜阳
80%
周口
80%
亳州
73%
漯河
67%
平顶山
67%
No matching quizzes found
Score Distribution
Percent of People with Each Score
Percentile by Number Answered
Your Score History
You have not taken this quiz